000 00507nam a2200145 4500
999 _c10167
_d10167
008 180803b ||||| |||| 00| 0 eng d
022 _a2094-8042
082 _aDPer 370.105 M72 June 2010-Mar 2011 v. 59 n. 1-10
100 _929998
_aRoxas, Victoria S.
245 _aDoublespeak, a variant of poetic language/
_cVictoria S. Roxas.
260 _aPhilippines;
_bIn The Grade School, Inc.,
_cc2010-2011.
300 _av59 n10, page 419;
_c27 cm.
650 0 _929999
_aLanguage and languages.
942 _2ddc
_cPER